Long walk to freedom:The autobiography of Nelson Mandela (Record no. 10683)
[ view plain ]
| 000 -LEADER | |
|---|---|
| fixed length control field | 00367 a2200133 4500 |
| 020 ## - INTERNATIONAL STANDARD BOOK NUMBER | |
| International Standard Book Number | 0316545856 |
| 082 ## - DEWEY DECIMAL CLASSIFICATION NUMBER | |
| Classification number | 968.064092 |
| 100 ## - MAIN ENTRY--PERSONAL NAME | |
| Personal name | Nelson Mandela |
| 245 ## - TITLE STATEMENT | |
| Title | Long walk to freedom:The autobiography of Nelson Mandela |
| Statement of responsibility, etc. | Mandela, Nelson |
| Medium | English |
| 250 ## - EDITION STATEMENT | |
| Edition statement | 1st |
| 260 ## - PUBLICATION, DISTRIBUTION, ETC. | |
| Place of publication, distribution, etc. | Rawalpindi |
| Name of publisher, distributor, etc. | Izharsons |
| Date of publication, distribution, etc. | 1994 |
| 650 ## - SUBJECT ADDED ENTRY--TOPICAL TERM | |
| Topical term or geographic name entry element | autobiography |
| 942 ## - ADDED ENTRY ELEMENTS (KOHA) | |
| Koha item type | Book |
| Call number prefix | 968.064092 MAN |
| Withdrawn status | Lost status | Damaged status | Not for loan | Permanent Location | Current Location | Date acquired | Total Checkouts | Total Renewals | Full call number | Barcode | Date last seen | Date last checked out | Price effective from | Koha item type | Source of classification or shelving scheme | Collection code | Shelving location | Source of acquisition | Checked out |
|---|---|---|---|---|---|---|---|---|---|---|---|---|---|---|---|---|---|---|---|
| Central Library (CL) | Central Library (CL) | 06/28/2021 | 4 | 3 | 968.064092 MAN | SEECSD00428 | 02/14/2024 | 11/29/2022 | 11/14/2012 | Book | |||||||||
| Central Library (CL) | Central Library (CL) | 01/28/2019 | 2 | 968.064092 | CL-D-302 | 03/22/2023 | 03/22/2023 | 01/28/2019 | Book | Book Cart | Donation | 04/21/2023 | |||||||
| Central Library (CL) | Central Library (CL) | 01/28/2019 | 5 | 11 | 968.064092 | CL-D-303 | 10/15/2025 | 02/16/2024 | 01/28/2019 | Book | Book Cart | Donation | |||||||
| Central Library (CL) | Central Library (CL) | 03/29/2019 | 6 | 3 | 968.064092 MAN | CL20 | 06/10/2025 | 04/07/2025 | 03/29/2019 | Book | Biographies |
